| 000 | 00767 a2200205 4500 | ||
|---|---|---|---|
| 001 | 54197 | ||
| 005 | 20260407155812.0 | ||
| 008 | 260407a1988 arg spa d | ||
| 003 | AR-UNSa-BCEJYS | ||
| 040 |
_aAR-UNSa-BCEJYS _bspa _cAR-UNSa-BCEJYS |
||
| 080 |
_a330.834 _xKeynes y el keynesianismo. Neokeynesianismo. Poskeynesianismo |
||
| 245 | 1 | 0 | _aLa teoría general de Keynes, cincuenta años después. |
| 020 | _a978-950-9109-65-0 | ||
| 264 | 1 |
_aBuenos Aires : _bTesis _c1988 |
|
| 300 |
_a62 p. _c20 cm. |
||
| 505 | _a1. Conferencia plenaria en la Facultad de Ciencias Económicas, Universidad Nacional de Salta – 2. Entrevista a Jame Tobin, a cargo de Juan C. De Pablo. | ||
| 942 | _cBK | ||
| 590 | _aniveau_biblio:m niveau_hierar:0 | ||
| 100 | 1 | _aTobin, James | |
| 999 |
_c5368 _d5368 |
||